Boletín semanal /
Guardat en:
| Format: | Llibre |
|---|---|
| Idioma: | Spanish |
| Publicat: |
Managua, Nicaragua:
Agencia Nueva Nicaragua,
|
| Matèries: | |
| Etiquetes: |
Afegir etiqueta
Sense etiquetes, Sigues el primer a etiquetar aquest registre!
|
MARC
| LEADER | 00000nam a22000007a 4500 | ||
|---|---|---|---|
| 003 | cru CIDCACS/IIS | ||
| 005 | 20230912142905.0 | ||
| 008 | 230912b |||||||| |||| 00| 0 spa d | ||
| 040 | |c cru CIDCACS/IIS | ||
| 090 | |a REV0125 | ||
| 245 | |a Boletín semanal / |c Agencia Nueva Nicaragua | ||
| 260 | |a Managua, Nicaragua: |b Agencia Nueva Nicaragua, | ||
| 500 | |a EXISTENCIAS: 1983 (15, 17-28) 1984 (31-33, 35-36, 40-41, 44-47, 4 nos. esp.) 1986 (12, 14-17) | ||
| 500 | |a PERIODICIDAD: quincenal | ||
| 500 | |a Colección Centroamérica | ||
| 650 | 0 | |9 411 |a DESARROLLO POLITICO | |
| 650 | 4 | |9 3217 |a PROBLEMAS POLITICOS | |
| 651 | 0 | |9 1861 |a NICARAGUA | |
| 651 | 0 | |9 308 |a CENTROAMERICA | |
| 942 | |2 ddc |c PP | ||
| 999 | |c 45256 |d 45256 | ||
